书目信息 |
| 题名: |
明英烈
|
|
| 作者: | 单田芳 述录 | |
| 分册: | ||
| 出版信息: | 沈阳 春风文艺出版社 1984 |
|
| 页数: | 188页 | |
| 开本: | 19cm | |
| 丛书名: | ||
| 单 册: | ||
| 中图分类: | I239.87 | |
| 科图分类: | ||
| 主题词: | 北方评书--中国--现代 | |
| 电子资源: | ||
| ISBN: | 10158.782 | |
| 000 | 00610nam0 2200229 450 | |
| 001 | 0184008521 | |
| 005 | 20100712220837.0 | |
| 010 | @a10158.782@dCNY0.50 | |
| 091 | @a10158.782 | |
| 100 | @a19950623d1984 em y0chiy0110 ea | |
| 101 | 0 | @achi |
| 102 | @aCN@b210000 | |
| 105 | @ay z 000by | |
| 106 | @ar | |
| 200 | 1 | @a明英烈@9Ming Ying Lie @f单田芳述录 |
| 210 | @a沈阳@c春风文艺出版社@d1984 | |
| 215 | @a188页@d19cm | |
| 606 | 0 | @a北方评书@y中国@z现代 |
| 690 | @aI239.87@v3 | |
| 701 | 0 | @a单田芳@9shan tian fang@f(1943~)@4述录 |
| 801 | 0 | @aCN@bAzMarc@c20130904 |
| 905 | @aBZT@dI239.87@e5@f1@sI239.87/5 | |
| 明英烈/单田芳述录.-沈阳:春风文艺出版社,1984 |
| 188页;19cm |
| ISBN 10158.782:CNY0.50 |
| ● |
| 相关链接 |
|
|
|
正题名:明英烈
索取号:I239.87/5
 
预约/预借
| 序号 | 登录号 | 条形码 | 馆藏地/架位号 | 状态 | 备注 |
| 1 | 2000079186 | 2000079186 | 旧书回溯/ [索取号:I239.87/5] | 在馆 |